Histoire des sciences à l'époque moderne (notice n° 2198716)

détails MARC
000 -LEADER
fixed length control field 01419cam a2200133 4500500
005 - DATE AND TIME OF LATEST TRANSACTION
control field 20260405085600.0
041 ## - LANGUAGE CODE
Language code of text/sound track or separate title fre
042 ## - AUTHENTICATION CODE
Authentication code dc
100 10 - MAIN ENTRY--PERSONAL NAME
Personal name Mazauric, Simone
Relator term author
245 00 - TITLE STATEMENT
Title Histoire des sciences à l'époque moderne
260 ## - PUBLICATION, DISTRIBUTION, ETC.
Name of publisher, distributor, etc. Armand Colin,<br/>
Date of publication, distribution, etc. 2009.<br/>
520 ## - SUMMARY, ETC.
Summary, etc. L’époque moderne est une période particulièrement importante dans l’histoire des sciences occidentales. De la Renaissance aux Lumières, on assiste en Europe à une transformation remarquable des pratiques savantes qui se traduit par l’émergence de nouveaux savoirs, dont savants et philosophes, à la fin du XVIIIe siècle, se plairont à dresser l’inventaire, afin d’attester la réalité d’un progrès que nul ne remet alors en question. À ce processus ont contribué tous ceux que l’on tient pour les « pères » de la science moderne : Copernic, Paracelse, Kepler, Galilée, Descartes, Newton, mais aussi Bacon, Pascal, Maupertuis ou Lavoisier. Mais plus qu’à ces « grands hommes » qui focalisent sur eux l’attention des historiens, c’est à l’analyse de cette « révolution » que veut se consacrer cet ouvrage en la resituant au sein d’une configuration globale, aux multiples composantes contextuelles, philosophiques, religieuses, sociales et politiques.
856 41 - ELECTRONIC LOCATION AND ACCESS
Uniform Resource Identifier <a href="https://shs.cairn.info/histoire-des-sciences-epoque-moderne--9782200345211?lang=fr&redirect-ssocas=7080">https://shs.cairn.info/histoire-des-sciences-epoque-moderne--9782200345211?lang=fr&redirect-ssocas=7080</a>

Pas d'exemplaire disponible.

PLUDOC

PLUDOC est la plateforme unique et centralisée de gestion des bibliothèques physiques et numériques de Guinée administré par le CEDUST. Elle est la plus grande base de données de ressources documentaires pour les Étudiants, Enseignants chercheurs et Chercheurs de Guinée.

Adresse

627 919 101/664 919 101

25 boulevard du commerce
Kaloum, Conakry, Guinée

Réseaux sociaux

Powered by Netsen Group @ 2025